<?xml version="1.0" encoding="UTF-8"?>
<record
    xmlns:xsi="http://www.w3.org/2001/XMLSchema-instance"
    xsi:schemaLocation="http://www.loc.gov/MARC21/slim http://www.loc.gov/standards/marcxml/schema/MARC21slim.xsd"
    xmlns="http://www.loc.gov/MARC21/slim">

  <leader>01388nkm a22002537a 4500</leader>
  <controlfield tag="001">85805</controlfield>
  <controlfield tag="005">20260417101301.0</controlfield>
  <controlfield tag="007">kh boc</controlfield>
  <controlfield tag="008">260415s18601880sp ||||| |||| |0| i|spa d</controlfield>
  <datafield tag="040" ind1=" " ind2=" ">
    <subfield code="a">M-RABA</subfield>
    <subfield code="b">spa</subfield>
    <subfield code="c">M-RABA</subfield>
  </datafield>
  <datafield tag="100" ind1="1" ind2=" ">
    <subfield code="a">Varela, Pedro</subfield>
    <subfield code="c">(fot&#xF3;grafo)</subfield>
    <subfield code="9">111671</subfield>
  </datafield>
  <datafield tag="245" ind1="1" ind2="1">
    <subfield code="a">[Catedral de Santiago de Compostela</subfield>
    <subfield code="b">: vista del claustro]</subfield>
    <subfield code="c">/ Valera, Pedro</subfield>
    <subfield code="h">[Material gr&#xE1;fico]</subfield>
  </datafield>
  <datafield tag="260" ind1=" " ind2=" ">
    <subfield code="a">: Lugo</subfield>
    <subfield code="b">: Pedro Valera</subfield>
    <subfield code="c">, [1860-1880?]</subfield>
  </datafield>
  <datafield tag="300" ind1=" " ind2=" ">
    <subfield code="a">1 fotograf&#xED;a</subfield>
    <subfield code="b">: alb&#xFA;mina</subfield>
    <subfield code="c">; imagen 24 x 18 cm </subfield>
    <subfield code="c">; soporte secundario 24 x 18 cm </subfield>
  </datafield>
  <datafield tag="500" ind1="0" ind2="0">
    <subfield code="a">Fotograf&#xED;a de la catedral de Santiago de Compostela, donde se representa una vista de una de las partes del claustro.
Al fondo en la imagen podemos ver la puerta que corresponder&#xED;a en la actualidad con la entrada al Museo de la Catedral y al Tesoro.</subfield>
  </datafield>
  <datafield tag="500" ind1="0" ind2="0">
    <subfield code="a">Fechas tomadas del periodo de actividad del fot&#xF3;grafo en Lugo. </subfield>
  </datafield>
  <datafield tag="500" ind1="0" ind2="0">
    <subfield code="a">En la parte inferior del soporte secundario se lee "P. Varela. Cruz, 9. Lugo"</subfield>
  </datafield>
  <datafield tag="610" ind1="2" ind2="7">
    <subfield code="a">Catedral de Santiago de Compostela (La Coru&#xF1;a, Espa&#xF1;a)</subfield>
    <subfield code="9">15544</subfield>
  </datafield>
  <datafield tag="651" ind1=" " ind2="7">
    <subfield code="a">Santiago de Compostela (La Coru&#xF1;a, Espa&#xF1;a)</subfield>
    <subfield code="9">4750</subfield>
  </datafield>
  <datafield tag="655" ind1=" " ind2="0">
    <subfield code="a">Fotograf&#xED;as de monumentos</subfield>
    <subfield code="9">111580</subfield>
  </datafield>
  <datafield tag="852" ind1=" " ind2=" ">
    <subfield code="j">Fot-647</subfield>
  </datafield>
  <datafield tag="856" ind1=" " ind2=" ">
    <subfield code="u">https://archivoybiblioteca.realacademiabellasartessanfernando.com/cgi-bin/koha/opac-retrieve-file.pl?id=c186a2d8115873a86b7a8198870d7281</subfield>
    <subfield code="y">Fot-647</subfield>
  </datafield>
  <datafield tag="942" ind1=" " ind2=" ">
    <subfield code="c">FOTOGRAF&#xCD;A</subfield>
    <subfield code="n">0</subfield>
  </datafield>
  <datafield tag="952" ind1=" " ind2=" ">
    <subfield code="0">0</subfield>
    <subfield code="1">0</subfield>
    <subfield code="2">ddc</subfield>
    <subfield code="4">0</subfield>
    <subfield code="7">0</subfield>
    <subfield code="8">FOTOGRAFIA</subfield>
    <subfield code="a">RABASF</subfield>
    <subfield code="b">RABASF</subfield>
    <subfield code="c">DP2</subfield>
    <subfield code="d">2026-04-15</subfield>
    <subfield code="l">0</subfield>
    <subfield code="o">Fot-647</subfield>
    <subfield code="p">1096915</subfield>
    <subfield code="r">2026-04-15 13:57:20</subfield>
    <subfield code="w">2026-04-15</subfield>
    <subfield code="y">FOTOGRAF&#xCD;A</subfield>
  </datafield>
  <datafield tag="999" ind1=" " ind2=" ">
    <subfield code="c">85805</subfield>
    <subfield code="d">85805</subfield>
  </datafield>
</record>
